000 00384nam a2200121 i 4500
001 bg
245 0 _aOdlewy z metali nieżelaznych w przemyśle okrętowym :
_bKrajowa Konferencja Naukowo-Techniczna org. w Świnoujściu w dniach 18-19 września 1978 r.
260 _aŚwinoujście,
_c1978.
040 _cBPK
041 _apol
942 _cKS
008 s pl f |000 0 pol
999 _c9866
_d9866
856 _uhttp://koha.tu.koszalin.pl/cgi-bin/koha/opac-detail.pl?biblionumber=9866
_yKatalog online BPK